| 000 | 00443nam a22001457a 4500 | ||
|---|---|---|---|
| 082 | _aP-363 | ||
| 100 |
_aMuhammad Ghias Arif _948071 |
||
| 245 |
_aDevelopment of design methodology and procedure for the construction of a reinforced brick concrete slab _cMuhammad Ghias Arif, Sardar Ali |
||
| 260 | _aMCE | ||
| 300 | _a67 p. | ||
| 526 |
_a0 _b0 _c0 _dP_363 |
||
| 650 | _aProject | ||
| 700 |
_aBrig (R) Sohail Safdar _948072 |
||
| 942 |
_2ddc _cBK |
||
| 999 |
_c551106 _d551106 |
||